000 00535nam a2200205Ia 4500
005 20250508165047.0
008 008 250505s9999 xx 000 0 hin d
037 _aTextual
040 _aFEDL
_beng
_cFEDL
041 _ahin
_2eng
084 _a891.431, AJN
_qFEDL
100 _aAjneya
245 0 _aKitni navon men kitni baar
260 _aNew Delhi, India
_bBhartiya Gyanpeeth
_c1992
300 _a103p.
365 _aINR
_b35
546 _aMACESE
942 _cTEXL
_h891.431, AJN
999 _c1392907
_d1392907